00611 2200205 4500001002100000005001700021008004100038035002400079040001200103082001100115084001500126090001900141245008000160260006600240300002500306650002300331700002100354850001200375990001800387INLIS00000000002216020160826095844.0  0010-081600000000517 aYOPDYOG a011.75 a011.75 Ano aBTR 011.75 Ano aAnotasi Thesis Sumatera Selatan Tahun 2011c/ Martini Jaya, editor Syaukani aPalembangbBadan Perpustakaan Provinsi Sumatera Selatanc2011 axi, 59 hlm.;c21 cm. aBibliografi-Thesis aSyaukani, Zasman aYOPDYOG a52800-PD/A.16